Crisis fiscal y desarrollo con equidad en Costa Rica /
সংরক্ষণ করুন:
| প্রধান লেখক: | |
|---|---|
| বিন্যাস: | পাঠ্য |
| বিষয়গুলি: | |
| ট্যাগগুলো: |
ট্যাগ যুক্ত করুন
কোনো ট্যাগ নেই, প্রথমজন হিসাবে ট্যাগ করুন!
|
MARC
| LEADER | 00000 a a2200000 04500 | ||
|---|---|---|---|
| 001 | 16807 | ||
| 003 | |||
| 040 | |||
| 100 | |a Cambell Barr, Epsy | ||
| 245 | |a Crisis fiscal y desarrollo con equidad en Costa Rica / |c Epsy Cambell Barr | ||
| 650 | |a ADMINISTRACION FISCAL | ||
| 650 | |a CRISIS | ||
| 650 | |a INGRESOS FISCALES | ||
| 650 | |a DEFICIT | ||
| 650 | |a GOBIERNO CENTRAL | ||
| 650 | |a ADMINISTRACION PUBLICA | ||
| 650 | |a GASTOS PUBLICOS | ||
| 650 | |a CLIENTELISMO POLITICO | ||
| 650 | |a REFORMA TRIBUTARIA | ||
| 650 | |a DESARROLLO ECONOMICO Y SOCIAL | ||
| 650 | |a REDISTRIBUCION DEL INGRESO | ||
| 773 | |g volumen 10, número 3; páginas 31-50 | ||
| 999 | |c 28631 |d 28631 | ||
